مكتبة جامعة عجلون الوطنية

فهرس بحث المكتبة

Normal view MARC view
  • الأدب العربي-العصر المملوكي-النقد الأدبي

Entry Topical Term

Number of records used in: 1

001 - CONTROL NUMBER

  • control field: 43346

003 - CONTROL NUMBER IDENTIFIER

  • control field: JO-AjAnu

005 - DATE AND TIME OF LATEST TRANSACTION

  • control field: 20230606081202.0

008 - FIXED-LENGTH DATA ELEMENTS

  • fixed length control field: 230606|| aca||aabn | a|a d

040 ## - CATALOGING SOURCE

  • Original cataloging agency: JO-AjAnu
  • Transcribing agency: JO-AjAnu

150 ## - HEADING--TOPICAL TERM

  • Topical term or geographic name entry element: الأدب العربي-العصر المملوكي-النقد الأدبي

670 ## - SOURCE DATA FOUND

  • Source citation: Work cat.: (JO-AjAnu)22196: نصرالله، هاني, author 43345, قراءات في الشعر العربي الحديث والقديم:تحليل أدبي ونقدي في البنية والرؤيا (1)